[Event "Olympiad-45"]
[Site "Budapest"]
[Date "2024.09.12"]
[Round "2.48"]
[White "Mendez Ramirez, Victor"]
[Black "Pedro Manuel, Envo Engonga Avomo"]
[Result "1-0"]
[WhiteElo "2191"]
[BlackElo "1702"]
[PlyCount "89"]
[EventDate "2024.09.11"]
[EventType "team-swiss"]
[EventRounds "11"]
[EventCountry "HUN"]
[SourceTitle "EXT 2025"]
[Source "ChessBase"]
[SourceDate "2024.10.14"]
[SourceVersion "1"]
[SourceVersionDate "2024.10.14"]
[SourceQuality "1"]
[WhiteTeam "Dominican Republic"]
[BlackTeam "Guinea"]
[WhiteTeamCountry "DOM"]
[BlackTeamCountry "GUI"]

1. c4 d5 2. cxd5 Nf6 3. Nc3 Nxd5 4. e4 Nb4 5. d3 g6 6. h3 Bg7 7. Nf3 N8c6 8. a3 Na6 9. Be3 0-0 10. d4 Nab8 11. Bc4 Nd7 12. 0-0 Nb6 13. Ba2 Qd7 14. Qd2 Rd8 15. Rfd1 Na5 16. Qe2 Nc6 17. Rac1 a6 18. Ng5 Rf8 19. d5 Na7 20. f4 Qd8 21. e5 h6 22. Nf3 Bd7 23. e6 Be8 24. exf7+ Bxf7 25. Ne5 Be8 26. d6+ e6 27. Bxe6+ Kh7 28. Bxb6 cxb6 29. d7 Qf6 30. dxe8Q Rfxe8 31. Bd7 Qxf4 32. Bxe8 Rxe8 33. Nd3 Qd4+ 34. Qf2 Qc4 35. Kh1 Qb3 36. Qc2 Qc4 37. Re1 Rd8 38. Ne5 Qe6 39. Nf3 Qf7 40. Ne4 Kg8 41. Re2 Nc6 42. Rce1 Rf8 43. Nd6 Qc7 44. Qxg6 Rd8 45. Re8+ 1-0